| 000 | 00791nam a22002777a 4500 | ||
|---|---|---|---|
| 001 | BR8203354 | ||
| 003 | BR-BrBNA | ||
| 005 | 20230928091334.0 | ||
| 007 | ta | ||
| 008 | 230509b bl.||||| |||| 00| 0 por d | ||
| 040 |
_aBR-BrBNA _bpor _cBiblioteca Nacional de Agricultura |
||
| 041 | _a(Por) | ||
| 072 |
_aM00; E70 _b9810 _b/G514 |
||
| 090 | _ 9810 BR8203354 | ||
| 110 | 1 |
_aSecretaria de Estado da Agricultura, Curitiba, PR (Brasil). Depto. de Produtividade _98827 |
|
| 245 | 1 | _aConstrucao de um entreposto pesqueiro do Parana [Brasil] | |
| 260 | 3 |
_aCuritiba, PR (Brasil): _c[nd]. |
|
| 300 | _a5 p. | ||
| 500 | _aPublished after 1981 | ||
| 650 | _aENTREPOSTO | ||
| 650 | _aPESCA | ||
| 650 | _aPEIXE | ||
| 650 | _aPARANA | ||
| 909 |
_a202309 _bLucia _c55 _dLucia Elande |
||
| 942 | _cBK | ||
| 999 |
_c33447 _d33447 |
||